000 00527nam2a2200205 4500
001 RU\NLR\PER_A\022404596_000130
005 20260329045030.0
035 _a(NLR Aleph) 022764587
090 _a13645296
_c13645296
100 _a20260324d2025 u y0rusy50 ca
101 0 _arus
102 _aRU
200 0 _a2025, № 6 (9)
210 _d2025
461 0 _1001RU\NLR\BIBL_A\022404596
_12001#$aЛогистика 360$v2025, № 6 (9)
852 _aNLR
_jП23/9787
942 _cISSUE
980 _aRUSPER
980 _aNB